000
00265nam a22001217a 4500
008
171102b xxu||||| |||| 00| 0 eng d
041
_a
eng
080
_a
33
100
_a
59
101
_a
BUS
245
_a
THE DESIGN OF EXPERIMENTS
_c
FISHER, R.A
942
_2
udc
_c
BK
999
_c
37241
_d
37241